01012nam a2200229 a 450000100060000000300090000600800410001502000180005604000280007408200170010210000640011924500700018326000550025330000080030859000600031665000460037665000450042294200120046799900170047995201520049695201340064822361CO-ViMGA141112s2004 ck r 000 u spa d a9789582411329 aCO-ViMGAbspacCO-ViMGA04a371.97 F853e1 aFundacion santillana para iberoAmérica, : Bogotá93172110aEstrategias Innovadoras para la enseñanza de una segunda lengua aFundación Santillana para IberoAmérica, c2007 a175 aForma de adquisición : Donacíon - - Precio : 15.00014aeducación - COLOMBIA - CONCURSOS93172214aMODELOS DE ENSEÑANZA - COLOMBIA931723 2ddccBK c30684d30684 00102ddc40708003aMEVIECARbMEVIECARd2015-12-04hVolumen. 1 | 11/jun/2009l0o371.97 F853e p22361r2015-12-04 00:00:00tEj. 1w2015-12-04yBK 001040708001aMEVIGERRbMEVIGERRcGENd2015-10-02o407 E77pECA24191r2024-11-26 09:50:25tEj.1w2024-11-26yBKz18171 | 23248